Score 0/20 Timer 04:00
1 Play Today
Incomplete Song Title Word % Correct
Here _____ The SunComes
96%
You Are The Sunshine Of My ____Life
93%
___ Are My SunshineYou
92.1%
Don't Let The Sun Go ____ On MeDown
91.5%
____ No SunshineAin't
83.3%
Good ___ SunshineDay
78.9%
_______ Sunshine Of The Spotless MindEternal
65.5%
_______ On SunshineWalking
54.7%
Sunshine Of Your ____Love
47.5%
_____ Me SunshineBring
32.2%
Incomplete Song Title Word % Correct
_____ My SunshineSteal
19.6%
_________ Of SunshinePocketful
15.7%
____ Out Sunshine!Look
9.3%
Sunny Sunny ______Sunday
6.8%
___ Your SunshineSee
6.5%
____ Up The SunTurn
6%
______ SunshineSummer
4.9%
The _____ of SunshineSound
4.3%
____ Of SunshineLand
3.2%
____ The SunshineInto
2.5%

Today's Daily Dose

Remove Ads.
Support Sporcle.
Get the best of Sporcle when you Go Orange. This ad-free experience offers more features, more stats, and more fun while also helping to support Sporcle. Thank you for becoming a member.

You're not logged in!

Compare scores with friends on all Sporcle quizzes.
OR
Log In

Show Comments

Extras

Top Quizzes Today


Score Distribution

Your Account Isn't Verified!

In order to create a playlist on Sporcle, you need to verify the email address you used during registration. Go to your Sporcle Settings to finish the process.

Report this User

Report this user for behavior that violates our Community Guidelines.

Details: